| 000 | 00428nam a2200145 4500 | ||
|---|---|---|---|
| 005 | 20250129140510.0 | ||
| 008 | 10 | ||
| 020 | _a978-978-59453-0-0 | ||
| 082 | _b3060 | ||
| 100 |
_aRev.Pam David Gyang. _f2022 _lEnglish _tMarriage and Divorce |
||
| 245 | _aMarriage and Divorce | ||
| 260 |
_aJos Plateau State _bCocin Printing Press _c2022 _eJos Plateau State _fCocin Printing Press _g2022 |
||
| 300 |
_axi,301ps. _c21.5cm |
||
| 942 |
_2ddc _k3066 |
||
| 999 |
_c20 _d20 |
||